000 00865nam a2200253Ia 4500
003 OSt
005 20221005112048.0
006 a|||||r|||| 00| 0
007 ta
008 221004b |||||||| |||| 00| 0 hin d
024 _a107616
037 _cTextual
040 _aCRL
_cCRL
_bhin
041 _2hin
_ahin
082 _aO152:g, J9;K3
100 _aवाजपेयी, नन्ददुलारे
245 0 _aनया साहित्य
_b नये प्रश्न
246 _aNayā sāhitya: naye prashna
260 _aवाराणासी
_bविद्यामन्दिर भारत
_c1963
300 _a264पृ0
_ccm.
650 _aहिन्दी साहित्य
942 _hO152:g, J9;K3
_cTEXL
_2cc
999 _c1023713
_d1023713